| 000 | 00970nas a2200313 4500 | ||
|---|---|---|---|
| 001 | BR9804235 | ||
| 003 | BR-BrBNA | ||
| 005 | 20231205101043.0 | ||
| 007 | ta | ||
| 008 | 230509b bl.|||p| |||| 00| 00por d | ||
| 040 |
_aBR-BrBNA _bpor _cBiblioteca Nacional de Agricultura |
||
| 041 | _a(Pt) | ||
| 072 | _aL73 | ||
| 100 | 1 | _aMoura, L.P.P. de | |
| 100 | 1 | _aScapinello, C. | |
| 100 | 1 | _aMartins, E.N. | |
| 100 | 1 | _aFranco, S.L. | |
| 100 | 1 | _aRibeiro, M.C.M. | |
| 245 | 1 | _aEfeito da solucao hidroalcoolica de propolis e robenidina sobre a contagem de oocistos por grama de fezes de Eimeria spp em coelhos Nova Zelandia Branco | |
| 650 | _aCoelho | ||
| 650 | _aEimeriose | ||
| 650 | _aInfeccao | ||
| 650 | _aFezes | ||
| 650 | _aTratamento | ||
| 650 | _aPropolis | ||
| 773 | 0 |
_tRevista Brasileira de Zootecnia (Brazil) _xISSN 0100-4859 _g(Mar-Apr 1998), v. 27(2) p. 325-330 _wBR9804235 |
|
| 909 |
_a202311 _bLúcia _c55 _dLúcia Elande |
||
| 942 |
_2AGRIS _n0 _cANA |
||
| 999 |
_c159455 _d159455 |
||